000 00741nam a22002657a 4500
001 BR9701541
003 BR-BrBNA
005 20230928095354.0
007 ta
008 230509b bl.||||| |||| 00| 0 por d
040 _aBR-BrBNA
_bpor
_cBiblioteca Nacional de Agricultura
041 _a(Por)
072 _aQ02
090 _ Q02 BR9701541
100 1 _aBohatch, A.
110 1 _aEmpresa Paranaense de Assistencia Tecnica e Extensao Rural, Curitiba, PR (Brasil)
245 1 _aCerveja: Fabricacao em pequena escala
260 3 _aCuritiba, PR (Brasil):
_c1994.
300 _a66 p.
500 _a22 illus.; 30 ref.
650 _aCerveja
650 _aTecnologia de Alimento
909 _a202309
_bLucia
_c55
_dLucia Elande
942 _cBK
999 _c56177
_d56177